L'Eglise et le siecle / (Record no. 84241)
[ view plain ]
| 000 -LEADER | |
|---|---|
| campo de control de longitud fija | 00501nam a2200169 i 4500 |
| 001 - NÚMERO DE CONTROL | |
| campo de control | 84241 |
| 003 - IDENTIFICADOR DE NÚMERO DE CONTROL | |
| campo de control | ES-MaACL |
| 007 - CAMPO FIJO DE DESCRIPCIÓN FÍSICA--INFORMACIÓN GENERAL | |
| campo de control de longitud fija | t| |
| 008 - DATOS DE LONGITUD FIJA--INFORMACIÓN GENERAL | |
| campo de control de longitud fija | 041122s1907 fr ||||1| fre d |
| 100 1# - ENTRADA PRINCIPAL--NOMBRE DE PERSONA | |
| Nombre de persona | Ireland, John. |
| 9 (RLIN) | 65431 |
| 245 12 - MENCIÓN DEL TÍTULO | |
| Título | L'Eglise et le siecle / |
| Mención de responsabilidad, etc. | conferences et discours de Mgr. Ireland ; publies avec preface par l'abbe Felix Klein. |
| 250 ## - MENCION DE EDICION | |
| Mención de edición | 2eme ed. |
| 260 ## - PUBLICACIÓN, DISTRIBUCIÓN, ETC. | |
| Lugar de publicación, distribución, etc. | Paris : |
| Nombre del editor, distribuidor, etc. | Devalois, |
| Fecha de publicación, distribución, etc. | 1907. |
| 300 ## - DESCRIPCIÓN FÍSICA | |
| Extensión | 230 p. ; |
| Dimensiones | 19 cm. |
| 700 1# - ENTRADA AGREGADA--NOMBRE PERSONAL | |
| Nombre de persona | Klein, Felix. |
| 9 (RLIN) | 68209 |
| 852 ## - LOCALIZACIÓN | |
| Ubicación | ES-MaACL |
| Número de control de estantería | G-625 |
| Estatus retirado | Estado de pérdida | Estado de daño | No para préstamo | Biblioteca de origen | Biblioteca actual | Ubicación en estantería | Fecha de adquisición | Fuente de adquisición | Total de préstamos | Signatura topográfica completa | Código de barras | Visto por última vez | Precio de reemplazo | Tipo de ítem Koha |
|---|---|---|---|---|---|---|---|---|---|---|---|---|---|---|
| Biblioteca del Ateneo de Madrid | Biblioteca del Ateneo de Madrid | Depósito 2 | 17/01/2008 | G-625 | 1088041 | 23/02/2023 | 23/02/2023 | Libro impreso |
